| 000 | 00694nam a2200193 a 4500 | ||
|---|---|---|---|
| 001 | 1205 | ||
| 003 | CDMR | ||
| 005 | 20131118125724.0 | ||
| 008 | 130130s1964||||||||||||||||||||||||||||d | ||
| 040 |
_aCDMR _bcat _cCPC LLEIDA |
||
| 110 | 2 |
_aAssociació de la Premsa de Barcelona _939 |
|
| 245 | 1 | 0 |
_aEstatuto de la profesión periodística _cAsociación Prensa Barcelona |
| 246 | _aEstatutos de la Federación Nacional de las Asociaciones de la Prensa de España | ||
| 260 |
_aBarcelona _c1964 _bAsociación de la Prensa Barcelona |
||
| 300 | _a32 p. | ||
| 610 | 2 |
_939 _aAssociació de la Premsa de Barcelona |
|
| 610 | 2 |
_9949 _aFederación de Asociaciones de la Prensa de España |
|
| 942 |
_cMON _2udc |
||
| 999 |
_c1205 _d1205 |
||